Hotline pre-intermediate : student's book /

Guardado en:
Autor Principal: Hutchinson, Tom
Formato: Libro
Publicado: New York : Oxford Unversity, 1992
Materias:
Etiquetas: Agregar Etiqueta
Sin Etiquetas, Sea el primero en etiquetar este registro!
LEADER 00520nam a22001815a 4500
001 CEM.cems009228
005 20090904111340.0
008 130507s1992##################000#0#####d
003 CEMS
020 |a 019435489X 
082 0 4 |a 428.64 
100 1 |a Hutchinson, Tom 
245 1 0 |a Hotline pre-intermediate :  |b student's book /  |c Tom Hutchinson 
260 |a New York :  |b Oxford Unversity,  |c 1992 
300 |a 120 p. 
653 |a Inglés 
653 |a Inglés-textos 
859 |a CEMS  |b BIB. CEMS - 11 de abril  |h 428.64  |i H974-12  |p 18822.96  |t Ej.1